FIFA WC 2018 participants by coat of arms picture - Statistics

General Stats
  • This quiz has been taken 117 times
  • The average score is 27 of 32
Answer Stats
Picture Answer % Correct
Iceland
97%
Croatia
96%
South Korea
96%
Switzerland
96%
Australia
94%
Costa Rica
94%
Panama
94%
Spain
94%
Portugal
93%
Germany
91%
Brazil
90%
Egypt
90%
England
90%
Iran
88%
Mexico
87%
Argentina
86%
Tunisia
86%
Belgium
83%
Poland
83%
Uruguay
83%
Serbia
82%
Colombia
81%
Morocco
80%
Russia
76%
France
74%
Saudi Arabia
72%
Japan
71%
Sweden
69%
Peru
62%
Senegal
62%
Denmark
59%
Nigeria
57%
No matching quizzes found
Score Distribution
Percent of People with Each Score
Percentile by Number Answered
Your Score History
You have not taken this quiz